[Event "Villa Tehuelches op 5th"]
[Site "Villa Tehuelches"]
[Date "2019.07.14"]
[Round "7"]
[White "Oyarzun Marquez, Benjamin Fernando"]
[Black "Hernandez Saldivia, Rody"]
[Result "0-1"]
[WhiteElo "1078"]
[BlackElo "1871"]
[PlyCount "70"]
[EventDate "2019.07.11"]
[EventType "swiss"]
[EventRounds "7"]
[EventCountry "CHI"]
[SourceTitle "EXT 2020"]
[Source "ChessBase"]
[SourceDate "2019.10.17"]
[SourceVersion "1"]
[SourceVersionDate "2019.10.17"]
[SourceQuality "1"]

1. e4 c5 2. Nf3 d6 3. Bc4 Nc6 4. Bb5 Bd7 5. 0-0 Nf6 6. Re1 e6 7. d3 Be7 8. Nbd2 0-0 9. Nf1 Qc7 10. Ng3 Rad8 11. Ng5 d5 12. Nh5 h6 13. Nxf6+ Bxf6 14. Nh3 dxe4 15. Qg4 Ne5 16. Qg3 Bxb5 17. Bxh6 exd3 18. Ng5 dxc2 19. Ne4 Nf3+ 20. gxf3 Qxg3+ 21. fxg3 Bxb2 22. Rac1 Bxc1 23. Rxc1 gxh6 24. Nf2 Rd2 25. Kg2 Rfd8 26. h4 Re2 27. g4 Rd1 28. Rxc2 Rxc2 29. Kg3 Rg1+ 30. Kh2 Rf1 31. Kg2 Rcxf2+ 32. Kg3 Rxf3+ 33. Kg2 R1f2+ 34. Kg1 Rxa2 35. h5 Rf1# 0-1

[Event "Villa Tehuelches op"]
[Site "Villa Tehuelches"]
[Date "2017.07.12"]
[Round "3"]
[White "Hernandez Saldivia, Rody"]
[Black "Vega, Rodrigo"]
[Result "1/2-1/2"]
[WhiteElo "1858"]
[BlackElo "1893"]
[PlyCount "104"]
[EventDate "2017.07.11"]
[EventType "swiss"]
[EventRounds "7"]
[EventCountry "CHI"]
[SourceTitle "EXT 2018"]
[Source "ChessBase"]
[SourceDate "2017.10.13"]
[SourceVersion "1"]
[SourceVersionDate "2017.10.13"]
[SourceQuality "1"]

1. e4 e5 2. Nf3 Nc6 3. Bb5 a6 4. Ba4 Nf6 5. 0-0 b5 6. Bb3 Be7 7. d3 d6 8. c3 0-0 9. Re1 Na5 10. Bc2 c5 11. Nbd2 Qc7 12. Nf1 Re8 13. Bg5 h6 14. Be3 d5 15. exd5 Nxd5 16. Bd2 Bd6 17. Ng3 Nf6 18. h3 Bd7 19. Qc1 Bf8 20. d4 cxd4 21. cxd4 e4 22. Nxe4 Nd5 23. Ne5 Be6 24. Qd1 Nc4 25. Nxc4 Qxc4 26. Bc3 Rac8 27. Bb3 Qc7 28. Bd2 Qb6 29. Nc3 Qxd4 30. Nxd5 Bxd5 31. Be3 Qxd1 32. Bxd1 Bc5 33. Bg4 Rc7 34. Rac1 Bd6 35. Red1 Bb4 36. Re1 Rxc1 37. Rxc1 Bxa2 38. Ra1 Be6 39. Rxa6 Bxg4 40. hxg4 Rd8 41. Rb6 Bc5 42. Rxb5 Bxe3 43. fxe3 Kf8 44. Kf2 Ke7 45. Rb6 Kd7 46. Kf3 Kc7 47. Ra6 Kd7 48. g3 Rb8 49. Ra2 Ke6 50. Kf4 Rb6 51. Ke4 Rb4+ 52. Kf3 Rb6 1/2-1/2

[Event "Villa Tehuelches op"]
[Site "Villa Tehuelches"]
[Date "2017.07.11"]
[Round "1"]
[White "Hernandez Saldivia, Rody"]
[Black "Abarca Gonzalez, Nicolas"]
[Result "0-1"]
[WhiteElo "1858"]
[BlackElo "2382"]
[PlyCount "50"]
[EventDate "2017.07.11"]
[EventType "swiss"]
[EventRounds "7"]
[EventCountry "CHI"]
[SourceTitle "EXT 2018"]
[Source "ChessBase"]
[SourceDate "2017.10.13"]
[SourceVersion "1"]
[SourceVersionDate "2017.10.13"]
[SourceQuality "1"]

1. e4 c5 2. Nf3 d6 3. d4 cxd4 4. Nxd4 Nf6 5. Nc3 g6 6. Bg5 Bg7 7. Bb5+ Nbd7 8. Qe2 0-0 9. 0-0-0 a6 10. Bc4 Qc7 11. Kb1 b5 12. Bb3 Bb7 13. f4 Rac8 14. Rhe1 e5 15. Ndxb5 axb5 16. Nxb5 Qa5 17. Nxd6 Rc7 18. Nxb7 Rxb7 19. Rd6 Rb4 20. Qd2 Qc5 21. Rxd7 Nxd7 22. Qxd7 Rxe4 23. Rd1 exf4 24. Qd5 Qe3 25. a4 Re5 0-1

[Event "Florianopolis op 3rd"]
[Site "Florianopolis"]
[Date "2017.01.23"]
[Round "6"]
[White "Vieira, Jose Renato Braga S"]
[Black "Hernandez Saldivia, Rody"]
[Result "1-0"]
[WhiteElo "2016"]
[BlackElo "1919"]
[PlyCount "39"]
[EventDate "2017.01.20"]
[EventType "swiss"]
[EventRounds "10"]
[EventCountry "BRA"]
[SourceTitle "CBM 176 Extra"]
[Source "ChessBase"]
[SourceDate "2017.03.02"]
[SourceVersion "1"]
[SourceVersionDate "2017.03.02"]
[SourceQuality "1"]

1. d4 e6 2. e4 c5 3. Nf3 cxd4 4. Nxd4 Nc6 5. Be3 Nf6 6. Bd3 Bb4+ 7. c3 Ba5 8. Nd2 d5 9. 0-0 0-0 10. exd5 Qxd5 11. Nxc6 Qxc6 12. Bd4 Rd8 13. Re1 Qd7 14. Nc4 b5 15. Ne5 Qd5 16. Ng4 Nxg4 17. Qxg4 e5 18. Qh4 f5 19. Bc2 exd4 20. Bb3 1-0

[Event "Villa Tehuelches 50 aniversity 2nd"]
[Site "Villa Tehuelches"]
[Date "2016.07.15"]
[Round "6.6"]
[White "Hernandez Saldivia, Rody"]
[Black "Rodriguez Vila, Andres"]
[Result "0-1"]
[WhiteElo "1896"]
[BlackElo "2504"]
[PlyCount "36"]
[EventDate "2016.07.12"]
[EventType "swiss"]
[EventRounds "7"]
[EventCountry "CHI"]
[SourceTitle "EXT 2024"]
[Source "ChessBase"]
[SourceDate "2023.10.10"]
[SourceVersion "1"]
[SourceVersionDate "2023.10.10"]
[SourceQuality "1"]

1. e4 d6 2. d4 Nf6 3. Nc3 g6 4. Nf3 Bg7 5. Be3 0-0 6. Qd2 Ng4 7. Bg5 h6 8. Bh4 Nd7 9. h3 Ngf6 10. 0-0-0 g5 11. Nxg5 hxg5 12. Qxg5 c5 13. Rd3 Nh7 14. Qxe7 Qa5 15. Qxd6 cxd4 16. Qd5 Qb6 17. Nb5 Qh6+ 18. Kb1 Qxh4 0-1

[Event "Villa Tehuelches 50 aniversity 2nd"]
[Site "Villa Tehuelches"]
[Date "2016.07.13"]
[Round "3.6"]
[White "Ocantos, Manuel"]
[Black "Hernandez Saldivia, Rody"]
[Result "1-0"]
[WhiteElo "2171"]
[BlackElo "1896"]
[PlyCount "63"]
[EventDate "2016.07.12"]
[EventType "swiss"]
[EventRounds "7"]
[EventCountry "CHI"]
[SourceTitle "EXT 2024"]
[Source "ChessBase"]
[SourceDate "2023.10.10"]
[SourceVersion "1"]
[SourceVersionDate "2023.10.10"]
[SourceQuality "1"]

1. e4 c5 2. Nf3 d6 3. d4 cxd4 4. Nxd4 Nf6 5. Nc3 a6 6. Be3 e6 7. f3 Be7 8. Qd2 0-0 9. g4 b5 10. g5 Nfd7 11. 0-0-0 b4 12. Nce2 Qa5 13. a3 d5 14. exd5 Qxd5 15. axb4 Qa2 16. Nc3 Qa1+ 17. Nb1 Bb7 18. c3 Ne5 19. Be2 Rc8 20. Rhf1 Nbc6 21. Nc2 Qa2 22. f4 Rd8 23. Qe1 Rxd1+ 24. Qxd1 Rd8 25. Qe1 Nc4 26. Bxc4 Qxc4 27. Rf2 Bxb4 28. cxb4 Rc8 29. Nc3 e5 30. Qd1 exf4 31. Rxf4 Qe6 32. Qd5 1-0